Movies Quiz

Random Movies or Nominee Quiz

2011 Golden Globe Nominations Quiz Stats

Quiz not verified by Sporcle

Also try: Movie by Initials
Challenge
Share
Tweet
Embed
Score 0/121 Timer 15:00
0 Plays Today
Category Nominee % Correct
Best Picture—DramaThe King's Speech
93.9%
Best ScreenplayThe King's Speech
93.9%
Best Original ScoreThe King's Speech
93.9%
Best Actress—DramaNatalie Portman
93.1%
Best Picture—DramaThe Social Network
92.3%
Best ScreenplayThe Social Network
92.3%
Best Original ScoreThe Social Network
92.3%
Best Actor—Musical or ComedyJohnny Depp
91.9%
Best Actor—Musical or ComedyJohnny Depp
91.9%
Best Picture—DramaBlack Swan
90.7%
Best Picture—DramaThe Fighter
89.9%
Best Actor—DramaColin Firth
88.3%
Best Actor—DramaJames Franco
87.9%
Best Supporting ActorChristian Bale
87.9%
Best Actor—DramaMark Wahlberg
87%
Best Actor—DramaJesse Eisenberg
86.2%
Best Actress—Musical or ComedyAnne Hathaway
86.2%
Best Actress—Musical or ComedyAngelina Jolie
84.6%
Best Supporting ActressMila Kunis
84.2%
Best Picture—Musical or ComedyThe Tourist
82.6%
Best Supporting ActorMichael Douglas
81.8%
Best Actress—Musical or ComedyEmma Stone
81.4%
Best Supporting ActressAmy Adams
81.4%
Best Picture—DramaInception
80.2%
Best ScreenplayInception
80.2%
Best Original ScoreInception
80.2%
Best Picture—Musical or ComedyThe Kids Are All Right
79.4%
Best Actor—Musical or ComedyJake Gyllenhaal
79.4%
Best Actress—Musical or ComedyAnnette Bening
79.4%
Best ScreenplayThe Kids Are All Right
79.4%
Best Actress—Musical or ComedyJulianne Moore
77.7%
Best Actor—DramaRyan Gosling
77.3%
Best Actress—DramaMichelle Williams
75.3%
Best DirectorChristopher Nolan
75.3%
Best Picture—Musical or ComedyAlice in Wonderland
74.1%
Best Actress—DramaNicole Kidman
74.1%
Best Screenplay127 Hours
74.1%
Best Original ScoreAlice in Wonderland
74.1%
Best Original Score127 Hours
74.1%
Best Animated FeatureToy Story 3
73.7%
Best Supporting ActressHelena Bonham Carter
73.3%
Category Nominee % Correct
Best Supporting ActorJeremy Renner
72.1%
Best Supporting ActorGeoffrey Rush
71.7%
Best TV Series—DramaMad Men
70%
Best TV Series—Musical or ComedyGlee
70%
Best Supporting ActorAndrew Garfield
68%
Best Supporting ActressMelissa Leo
68%
Best DirectorDavid Fincher
66.8%
Best TV Series—Musical or Comedy30 Rock
66.4%
Best DirectorDarren Aronofsky
64%
Best Actor—Musical or ComedyAlec Baldwin
64%
Best Actor—Musical or ComedySteve Carell
62.8%
Best Actress—Musical or ComedyTina Fey
62.8%
Best Actress—DramaHalle Berry
61.5%
Best Actor—DramaHugh Laurie
61.5%
Best Picture—Musical or ComedyBurlesque
60.3%
Best Actor—DramaJon Hamm
59.5%
Best Actor—Musical or ComedyKevin Spacey
58.7%
Best Actor—DramaMichael C. Hall
58.7%
Best TV Series—DramaDexter
58.3%
Best TV Series—DramaBoardwalk Empire
57.9%
Best Actress—DramaJennifer Lawrence
57.1%
Best Supporting Actress—TVJane Lynch
56.7%
Best Actor—DramaSteve Buscemi
55.9%
Best TV Series—Musical or ComedyModern Family
55.5%
Best Animated FeatureTangled
54.3%
Best Actor—Musical or ComedyPaul Giamatti
51.4%
Best Actress—Musical or ComedyLea Michele
49.8%
Best DirectorTom Hooper
49.4%
Best Animated FeatureHow to Train Your Dragon
49.4%
Best Actor—DramaBryan Cranston
49.4%
Best TV Series—DramaThe Good Wife
49%
Best Actress—Musical or ComedyEdie Falco
47.4%
Best Actor—Musical or ComedyMatthew Morrison
46.6%
Best Actress—Musical or ComedyToni Collette
46.6%
Best DirectorDavid O. Russell
45.7%
Best Animated FeatureDespicable Me
45.3%
Best TV Series—Musical or ComedyThe Big Bang Theory
44.1%
Best Actress—DramaKyra Sedgwick
43.7%
Best Actor—Musical or ComedyJim Parsons
43.3%
Best Actress—Musical or ComedyLaura Linney
43.3%
Best Supporting Actor—TVChris Colfer
42.5%
Category Nominee % Correct
Best TV Series—Musical or ComedyNurse Jackie
42.1%
Best Actor—Miniseries or Made-for-TV MovieAl Pacino
42.1%
Best Actress—Miniseries or Made-for-TV MovieClaire Danes
42.1%
Best TV Series—Musical or ComedyThe Big C
40.9%
Best Supporting Actress—TVSofia Vergara
40.5%
Best Supporting ActressJacki Weaver
40.1%
Best Actor—Musical or ComedyThomas Jane
38.1%
Best Miniseries or Made-for-TV MovieTemple Grandin
37.7%
Best Miniseries or Made-for-TV MovieYou Don't Know Jack
37.7%
Best Actress—DramaElizabeth Moss
36.8%
Best Original SongBound to You
34.4%
Best Miniseries or Made-for-TV MovieThe Pillars of the Earth
34.4%
Best Picture—Musical or ComedyRed
33.6%
Best Animated FeatureThe Illusionist
32.8%
Best Actress—DramaJulianna Margulies
32.8%
Best Supporting Actor—TVEric Stonestreet
32.8%
Best Miniseries or Made-for-TV MovieCarlos
31.6%
Best Actress—DramaKatey Sagal
29.6%
Best Supporting Actress—TVJulia Stiles
29.6%
Best Actress—DramaPiper Perabo
27.1%
Best Supporting Actor—TVScott Caan
26.7%
Best TV Series—DramaThe Walking Dead
22.7%
Best Supporting Actor—TVChris Noth
20.6%
Best Supporting Actress—TVKelly Macdonald
20.2%
Best Actress—Miniseries or Made-for-TV MovieJennifer Love Hewitt
19.4%
Best Actor—Miniseries or Made-for-TV MovieDennis Quaid
19%
Best Actor—Miniseries or Made-for-TV MovieIdris Elba
17.4%
Best Original SongI See the Light
17%
Best Actress—Miniseries or Made-for-TV MovieJudi Dench
16.6%
Best Supporting Actor—TVDavid Strathairn
13.8%
Best Miniseries or Made-for-TV MovieThe Pacific
12.6%
Best Original SongComing Home
10.9%
Best Supporting Actress—TVHope Davis
10.9%
Best Actor—Miniseries or Made-for-TV MovieIan McShane
10.1%
Best Actor—Miniseries or Made-for-TV MovieEdgar Ramirez
7.3%
Best Original SongThere's a Place for Us
6.9%
Best Actress—Miniseries or Made-for-TV MovieRomola Garai
6.5%
Best Actress—Miniseries or Made-for-TV MovieHayley Atwell
4.9%
Best Original SongYou Haven't Seen the Last of Me Yet
3.2%

You're not logged in!

Compare scores with friends on all Sporcle quizzes.
Sign Up with Email
OR
Log In

You Might Also Like...

Show Comments

Extras

Top Quizzes Today


Score Distribution

Your Account Isn't Verified!

In order to create a playlist on Sporcle, you need to verify the email address you used during registration. Go to your Sporcle Settings to finish the process.